Представление документа в формате MARC21

Поле Инд. ПП Название Значение
Тип записи a
Библиографический уровень m
001 Контрольный номер 0f041f97dbe64610a494755f987a2a9f
005 Дата корректировки 20260414140251.4
020 a ISBN 978-5-389-02924-8
c Цена, тираж 410-00
084 a Индекс другой классификации/Индекс ББК 82
090 a Полочн. индекс 82
c Каталожный индекс 82
x Авторский знак С 42
091 i Возрастная адресация (DOS) 6+
097 b Оператор Сунагатуллина
245 10 a Заглавие Сказочные герои
c Ответственность авторы текста Э. Бомон, Э. Лепети ; перевод с французского Е. Домбровская ; художники: К. Давид, И. Миссо, И. Роньони, С. Туссен
b Продолж. заглавия [6+]
260 a Место издания Москва
b Издательство Махаон
c Дата издания 2012
300 a Объем 128 с.
b Иллюстрации/ тип воспроизводства ил.
440 _0 a Серия Твоя первая энциклопедия
653 0_ a Ключевые слова существа мифические; герои сказочные; герои фольклорные; персонаж фольклорный; феи; принцы; привидения; ведьма; герои мифов; герои сказок; герои легенд; динозавры; драконы; единорог; грифон; русалки; дельфины; кракен; чудовища водяные; сфинксы; явления необычные; пирамиды египетские; Стонхендж; Улуру гора; остров Пасхи; Наска пустыня
900 a Имя макрообъекта о1577669
901 t Тип документа m